• 首页
  • 本馆介绍
  • 公告通知
  • 最新文献
  • 馆藏检索
  • 电子资源
  • 读者导购
  • 参考咨询
  • 我的图书馆
  • 登录
  • 详细信息显示
  • 放入我的书架
  • 预约/预借图书
  • 作者相关作品
  • 分类相关作品
  • 丛书相关作品
  • 出版社相关作品

书目信息

  • 表格格式
  • 工作单格式
  • 卡片格式
题名:
回忆苏格拉底
    
 
作者: 色诺芬 著 ;吴永泉 译
分册:  
出版信息: 北京   商务印书馆  1984.9
页数: 204页
开本: 21cm
丛书名: 汉译世界学术名著丛书
单 册:
中图分类: B502.151
科图分类:
主题词: 克色诺芬尼(公元前六世纪)--哲学 , 克色诺芬尼(公元前六世纪)
电子资源:
ISBN: 7-100-02386-6
000 00708nam2 2200229 45
001 0003201505
005 20260413094009.81
010    @a7-100-02386-6@dCNY8.90
100    @a20000320d1984 km y0chiy0120 ea
101    @achi@cgrc
200 1  @a回忆苏格拉底@AHui Yi Su Ge La Di@f(古希腊)色诺芬著@F(Gu Xi La)Se Nuo Fen Zhu@g吴永泉译
210    @a北京@c商务印书馆@d1984.9
215    @a204页@d21cm
225    @a汉译世界学术名著丛书
410    @12001 @a汉译世界学术名著丛书
606 0  @a克色诺芬尼(公元前六世纪)@x哲学
606 0  @a克色诺芬尼(公元前六世纪)
690    @aB502.151@v1
701  0 @a色诺芬@4著
702  0 @a吴永泉@AWu Yong Quan@4译
801    @aCN@bTSTC@c20000320
905    @dB502.151@e42@f1@b276895
    
    回忆苏格拉底/(古希腊)色诺芬著/吴永泉译.-北京:商务印书馆,1984.9
    204页;21cm.-(汉译世界学术名著丛书)
    
    
    ISBN 7-100-02386-6:CNY8.90
    
●
相关链接 在E读中查询图书 在五车中查询图书 在当当中查询图书 在豆瓣中查询图书


正题名:回忆苏格拉底     索取号:B502.151/42         预约/预借

序号 登录号 条形码 馆藏地/架位号 状态 备注
1 0276894   001498588   第一借阅区/ [索取号:B502.151/42] 在馆    
2 0276895   001498597   第一借阅区/ [索取号:B502.151/42] 在馆    
3 0276896   001496036   第一样本阅览室/ [索取号:B502.151/42] 在馆    
4 1442668   214426682   第一借阅区/ [索取号:B502.151/42] 在馆    
唐山师范学院图书馆 欢迎您!
大连网信软件有限公司© 版权所有